New Testament Christianity in the Roman world /

This work explores the social contexts of New Testament writings from Acts onward, along with other relevant Jewish and Christian literature. Moving from large to increasingly smaller spheres, the study examines how at each level beliefs and practices related to the gods and the cosmos, the empire,...

Full description

Bibliographic Details
Main Author: Maier, Harry O., 1959- (Author)
Format: eBook
Language:English
Published: New York, NY : Oxford University Press, 2018.
Series:Essentials of biblical studies.
Subjects:
Online Access:Connect to the full text of this electronic book

MARC

Tag First Indicator Second Indicator Subfields
LEADER 00000cam a2200000 i 4500
001 in00005716660
005 20260319180320.1
006 m o d
007 cr |||||||||||
008 181004s2018 nyuab fob 001 0 eng d
040 |a STBDS  |b eng  |e rda  |e pn  |c STBDS  |d OCLCO  |d YOU  |d FIE  |d OCLCF  |d BRX  |d AU@  |d OCLCQ  |d OCLCO  |d OCLCA  |d UKAHL  |d OCLCO  |d KAT  |d OCLCQ  |d OCLCO  |d OCLCL  |d CLOUD  |d UKKRT  |d OCLCQ  |d OCLCL  |d OCLCQ 
019 |a 1475756792  |a 1479642052  |a 1482102965  |a 1483624972  |a 1485750239  |a 1501761240  |a 1526215300  |a 1529963511  |a 1531077744  |a 1532565809  |a 1535158694  |a 1535283912  |a 1540324824  |a 1543035145  |a 1548557288  |a 1550943385  |a 1573000010 
020 |a 9780190264437  |q (ebook) 
020 |a 0190264438  |q (ebook) 
020 |z 9780190264406  |q (paperback) 
020 |z 0190264403  |q (paperback) 
020 |z 9780190264390  |q (hardcover) 
020 |z 019026439X  |q (hardcover) 
020 |a 9780190264420 
020 |a 019026442X 
035 |a (OCoLC)1076358070  |z (OCoLC)1475756792  |z (OCoLC)1479642052  |z (OCoLC)1482102965  |z (OCoLC)1483624972  |z (OCoLC)1485750239  |z (OCoLC)1501761240  |z (OCoLC)1526215300  |z (OCoLC)1529963511  |z (OCoLC)1531077744  |z (OCoLC)1532565809  |z (OCoLC)1535158694  |z (OCoLC)1535283912  |z (OCoLC)1540324824  |z (OCoLC)1543035145  |z (OCoLC)1548557288  |z (OCoLC)1550943385  |z (OCoLC)1573000010 
037 |a w8nn4z9  |b cloudLibrary  |n https://yourcloudlibrary.com 
050 4 |a BS2410  |b .M334 2018eb 
072 7 |a REL006000  |2 bisacsh 
072 7 |a REL000000  |2 bisacsh 
072 7 |a REL006040  |2 bisacsh 
072 7 |a REL006020  |2 bisacsh 
072 7 |a REL015000  |2 bisacsh 
072 7 |a REL070000  |2 bisacsh 
072 7 |a REL108020  |2 bisacsh 
072 7 |a REL108000  |2 bisacsh 
082 0 4 |a 270.1  |2 23 
049 |a TXAM 
100 1 |a Maier, Harry O.,  |d 1959-  |e author.  |1 https://id.oclc.org/worldcat/entity/E39PBJghpyf3X4GbK7V8fqGT73 
245 1 0 |a New Testament Christianity in the Roman world /  |c Harry O. Maier. 
264 1 |a New York, NY :  |b Oxford University Press,  |c 2018. 
300 |a 1 online resource (xvii, 238 pages) :  |b illustrations (black and white), map (black and white) 
336 |a text  |b txt  |2 rdacontent 
337 |a computer  |b c  |2 rdamedia 
338 |a online resource  |b cr  |2 rdacarrier 
490 1 |a Essentials of biblical studies 
500 |a Previously issued in print: 2018. 
504 |a Includes bibliographical references and index. 
520 8 |a This work explores the social contexts of New Testament writings from Acts onward, along with other relevant Jewish and Christian literature. Moving from large to increasingly smaller spheres, the study examines how at each level beliefs and practices related to the gods and the cosmos, the empire, the city, and the household shaped a shifting and context-specific Christian faith and a set of affiliated identities. 
521 |a Specialized. 
588 0 |a Online resource; title from home page (viewed on October 11, 2018). 
505 0 |a The gods and the cosmos -- The emperor and the empire -- The city and its residents -- The household and its members -- The self and others. 
630 0 0 |a Bible.  |p New Testament  |x History of contemporary events. 
630 0 7 |a Bible.  |p New Testament  |2 fast 
650 0 |a Church history  |y Primitive and early church, ca. 30-600. 
650 6 |a Église  |x Histoire  |y ca 30-600 (Église primitive) 
650 7 |a Biblical Studies.  |2 bisacsh 
650 7 |a RELIGION.  |2 bisacsh 
650 7 |a New Testament.  |2 bisacsh 
650 7 |a Biblical Biography.  |2 bisacsh 
650 7 |a History.  |2 bisacsh 
650 7 |a Christianity.  |2 bisacsh 
650 7 |a Christian Church.  |2 bisacsh 
650 7 |a Church history  |x Primitive and early church  |2 fast 
650 7 |a History of contemporary events  |2 fast 
648 7 |a 30-600  |2 fast 
655 7 |a Electronic books.  |2 local 
758 |i has work:  |a New Testament Christianity in the Roman world (Text)  |1 https://id.oclc.org/worldcat/entity/E39PCGcbGmrPdWk9hJkBTJTfv3  |4 https://id.oclc.org/worldcat/ontology/hasWork 
776 0 8 |i Print version :  |z 9780190264390 
776 1 |z 9780190264406 
776 1 |z 9780190264390 
830 0 |a Essentials of biblical studies. 
856 4 0 |u http://proxy.library.tamu.edu/login?url=https://academic.oup.com/book/3544  |z Connect to the full text of this electronic book  |t 0 
936 |a BATCHLOAD 
955 |a Oxford Scholarship Online 
994 |a 92  |b TXA 
999 f f |i 73df1f17-8f7d-4980-8423-cd2840729746  |s 63572fa9-35df-4ffd-bb36-24b4f17e5717  |t 0 
952 f f |a Texas A&M University  |b College Station  |c Electronic Resources  |s www_evans  |d Available Online  |t 0  |e BS2410 .M334 2018eb  |h Library of Congress classification 
998 f f |a BS2410 .M334 2018eb  |t 0  |l Available Online